000 00600nam a2200241Ia 4500
003 OSt
005 20220912145800.0
006 a|||||r|||| 00| 0
007 ta
008 220909b |||||||| |||| 00| 0 eng d
024 _a75874
037 _cTextual
040 _aCSL
_beng
_cCSL
041 _aeng
082 _aCwN05,1, K2
100 _aNaicker T R Kannappau
245 0 _aRise of indian independence ( Oct-Nov 1937)
260 _c1962
300 _ap.
_ccm.
650 _aPhysics
942 _hCwN05,1, K2
_cTEXL
_2CC
999 _c38122
_d38122